000 00359nam a2200133Ia 4500
005 20260326235504.0
008 260326s9999||||xx |||||||||||||| ||und||
100 _aSebastián, Santiago
245 0 _aTechumbres Mudéjares de la Nueva Granada /
_cSantiago Sebastián
260 _bPacífico
300 _a42 p.
650 _aARQUITECTURA ISLÁMICA
942 _cBK
999 _c8131
_d8131